| 000 | 00491cam a2200169 4500 | ||
|---|---|---|---|
| 001 | D13911 | ||
| 008 | 090401t1939 xxu||||| |||| 00| 0 eng d | ||
| 035 | _a(Sirsi) u12279 | ||
| 041 | _aeng | ||
| 100 | _aSkinner, C. William | ||
| 245 | 4 | _aThe law of compulsory acquisition of land (including a selection from Reports of Recent Arbitrations and Enquiries) | |
| 260 |
_aLondon _bEstates Gazette _c1939 |
||
| 350 | _a0 | ||
| 520 | _aShelf 135; 2 copies | ||
| 942 | _n0 | ||
| 948 | _c04/03/1997 | ||
| 999 |
_c86966 _d86966 |
||